000 00369nam a22001217a 4500
999 _c10080
_d10080
003 OSt
008 201218b ||||| |||| 00| 0 eng d
245 _aJournal of Information and Optimization Sciences
250 _a2016(Jan Vol.37 No.1, Mar Vol.37 No.2, May Vol.37 No.3)
260 _aNew Delhi
_bTaru Publications
650 _aInformation Technology
942 _2ddc
_cBV